000 002340000a22000970004500
100 1 _aNeira, Armando
245 1 0 _aMujeres al borde de un ataque
300 _aVol. 23, Núm 23 (1993), Páginas 14-23
773 0 _tCambio 16
942 _cANA
999 _c58334
_d58334